000 00795nmc a2200301 a 4500
003 AR-BaBNM
005 20251128203917.0
008 011101s1995 ||||||||||||||000 | spa||
020 _a950-701-277-X
040 _cAR-BaBNM
100 1 _aPomiés, Julia
245 1 0 _aTemas de sexualidad
_binforme para educadores
250 _a1ª ed.
260 _aBuenos Aires
_bAique
_c1995
300 _a303 p.
_bil.
490 0 _aTransversal
500 _aIndice temático p. 13-16
504 _aBibliografía p. 296-303
650 4 _aEDUCACION SEXUAL
650 4 _aENFERMEDADES DE TRANSMISION SEXUAL
650 4 _aCONTROL DE LA NATALIDAD
650 4 _aANTICONCEPCION
650 4 _aCOMPORTAMIENTO SEXUAL
650 4 _aANTICONCEPCION
653 _aSIDA
942 _cBK
998 _cCarmen
999 _c5438
_d5438